| 000 | 00646nam a2200217 i 4500 | ||
|---|---|---|---|
| 001 | bg | ||
| 100 | 1 | _aRODZYNKIEWICZ, Mateusz | |
| 245 | 0 |
_aŁączenie się spółek : _bKomentarz / _cMateusz Rodzynkiewicz. |
|
| 250 | _aStan prawny na dzień 1 lutego 2002 r. | ||
| 260 |
_aWarszawa : _bWydaw. Prawnicze "LexisNexis", _c2002. |
||
| 300 |
_a360, [1] s. ; _c21 cm. |
||
| 504 | _aBibliogr. - Indeks. | ||
| 650 | 9 |
_aSpółki handlowe _xprawo _zPolska _ystan na 2001 r. |
|
| 020 | _a8373340610 | ||
| 040 | _cBPK | ||
| 041 | 0 | _apl | |
| 080 | _a347.72(438) | ||
| 920 | _a83-7334-061-0 | ||
| 942 | _cKS | ||
| 008 | s pl f |000 0 pol | ||
| 999 |
_c40858 _d40858 |
||
| 856 |
_uhttp://koha.tu.koszalin.pl/cgi-bin/koha/opac-detail.pl?biblionumber=40858 _yKatalog online BPK |
||